| 000 | 00548ntaaa2200205 4500 | ||
|---|---|---|---|
| 003 | 01 | ||
| 005 | 20251027200703.0 | ||
| 008 | 0714s1973 ag 01 | ||
| 040 |
_aAR-BaBN _bspa _cAR-BaBN _eaacr _dRIC |
||
| 082 | _a136.15 N16 | ||
| 100 | _aNarramore, Clyde M | ||
| 245 |
_aWoman's world. / _cClyde M Narramore |
||
| 250 | _a1 ed. | ||
| 260 |
_aGrand Rapids : _bZondervan Publishing House, _c1963,1965 |
||
| 300 | _a207p | ||
| 500 | _aPsicologĂa cristiana para mujeres | ||
| 650 | _aPsicologia Pastoral | ||
| 650 |
_aMujeres _93053 |
||
| 942 | _cBK | ||
| 999 |
_c1383 _d1383 |
||